| 000 | 00549nam a22001817a 4500 | ||
|---|---|---|---|
| 003 | AM-YeHGA | ||
| 005 | 20250617154330.0 | ||
| 008 | 180726s ||||| |||| 00| 0 rus d | ||
| 040 | _aAM-YeHGA | ||
| 041 | 0 | _arus | |
| 100 | 1 | _aРыленков, Николай Иванович | |
| 245 | 1 | 0 |
_aСтихотворения и поэмы / _cНиколай Рыленков |
| 260 |
_aМосква : _bГослитиздат, _c1956. |
||
| 300 | _a335 с. | ||
| 653 | 0 | _aРусская литература | |
| 942 |
_2udc _cBK |
||
| 090 | _c411893 | ||
| 999 |
_c409605 _d409605 |
||